<?xml version="1.0" encoding="UTF-8"?>
<collection xmlns="http://www.loc.gov/MARC21/slim">
 <record>
  <leader>00459pamaa2200157   4500</leader>
  <controlfield tag="001">0000038649</controlfield>
  <controlfield tag="005">20090609090000.0</controlfield>
  <datafield tag="020" ind1="0" ind2="0">
   <subfield code="a">1584883391 (pbk) </subfield>
  </datafield>
  <datafield tag="090" ind1="0" ind2="0">
   <subfield code="a">TP248.25.N35 </subfield>
   <subfield code="b">NAN 2002</subfield>
  </datafield>
  <datafield tag="245" ind1="1" ind2="0">
   <subfield code="a">NANOTECHNOLOGY : </subfield>
   <subfield code="b">basic science and emerging technology  </subfield>
   <subfield code="c">Michael Wilson ...[et al.].</subfield>
  </datafield>
  <datafield tag="260" ind1="0" ind2="0">
   <subfield code="a">Boca Raton: </subfield>
   <subfield code="b">Chapman and Hall/CRC, </subfield>
   <subfield code="c">2002.</subfield>
  </datafield>
  <datafield tag="300" ind1=" " ind2=" ">
   <subfield code="a">xvii, 271p.: </subfield>
   <subfield code="b">ill.; </subfield>
   <subfield code="c">24 cm.</subfield>
  </datafield>
  <datafield tag="650" ind1="0" ind2="0">
   <subfield code="a">Nanotechnology </subfield>
  </datafield>
  <datafield tag="700" ind1="1" ind2="1">
   <subfield code="a">Wilson, </subfield>
   <subfield code="h">Michael </subfield>
  </datafield>
 </record>
</collection>
